书目信息 |
| 题名: |
网络计算
|
|
| 作者: | 约瑟夫 , 费伦斯坦 著 | |
| 分册: | ||
| 出版信息: | 北京 清华大学出版社 2005.01 |
|
| 页数: | 378页 | |
| 开本: | 20cm | |
| 丛书名: | ||
| 单 册: | ||
| 中图分类: | TP3 | |
| 科图分类: | ||
| 主题词: | 计算技术 , 电子计算机 | |
| 电子资源: | ||
| ISBN: | 7-302-10025-X | |
| 000 | 00611nam0 2200217 450 | |
| 001 | 0556962655 | |
| 005 | 20050620100217.18 | |
| 010 | @a7-302-10025-X@dCNY 39.00 | |
| 100 | @a20050603d2005 km y0chiy0120 ea | |
| 101 | 0 | @achi |
| 102 | @aCN@b110000 | |
| 200 | 1 | @a网络计算@Awang luo ji suan@f约瑟夫,费伦斯坦著@Fyue se fu,fei lun si tan zhu |
| 210 | @a北京@c清华大学出版社@d2005.01 | |
| 215 | @a378页@d20cm | |
| 606 | 0 | @a计算技术 |
| 606 | 0 | @a电子计算机 |
| 690 | @aTP3@v4 | |
| 701 | 0 | @a约瑟夫@Ayue se fu@4著 |
| 701 | 0 | @a费伦斯坦@Afei lun si tan@4著 |
| 801 | 0 | @aCN@bPFT@c20050620 |
| 905 | @a10447@dTP3@eY944 | |
| 网络计算/约瑟夫,费伦斯坦著.-北京:清华大学出版社,2005.01 |
| 378页;20cm |
| ISBN 7-302-10025-X:CNY 39.00 |
| ● |
| 相关链接 |
|
|
|
正题名:网络计算
索取号:TP3/Y944
 
预约/预借
| 序号 | 登录号 | 条形码 | 馆藏地/架位号 | 状态 | 备注 |
| 1 | 535207 | 205352072 | 自科二线404/404自科库 13排1列3层/ [索取号:TP3/Y944] | 在馆 | |
| 2 | 535208 | 205352081 | 自科库301/301自科库 44排4列3层/ [索取号:TP3/Y944] | 在馆 | |
| 3 | 535209 | 205352090 | 自科库301/301自科库 44排4列3层/ [索取号:TP3/Y944] | 在馆 |